000 00468nam a2200169Ia 4500
999 _c9396
_d9396
003 OSt
005 20200212150800.0
008 190216s9999||||xx |||||||||||||| ||und||
040 _coclc
082 _a336
_bSUN/F
100 _aSundharam, K P M
_9501
245 0 _aFiscal Economics /
_cK P M Sundharam
260 _bSulthan Chand&Sons,
_c1972.
_aNew Delhi:
300 _a457p
650 _aEconomics
942 _cBK
_2ddc
_h336
_iSUN/F
_k336
_mSUN/F